000 00462nam a2200193Ia 4500
008 151119s9999||||xx |||||||||||||| ||und||
082 _a621.5
082 _bGKKV19273
100 _aARORA S C
245 _aREFRIGERATION & AIR CONDITIONING
260 _a--
260 _b--
260 _c0
600 _aARORA S C
630 _aREFRIGERATION & AIR CONDITIONING
700 _aARORA S C
730 _aREFRIGERATION & AIR CONDITIONING
942 _cBOOK
999 _c1072246
_d1072243